| 000 | 00733nam a2200265Ia 4500 | ||
|---|---|---|---|
| 005 | 20250425162537.0 | ||
| 008 | 250425s9999 xx 000 0 und d | ||
| 020 | _a0132009161 | ||
| 041 | _aeng | ||
| 043 | _anju | ||
| 082 |
_a004.6 _pBER |
||
| 100 | _aBertsekas, Dimitri | ||
| 245 | 0 |
_aData Networks _cDimitri Bertsekas, Robert Gallager |
|
| 250 | _aSegunda ed. | ||
| 260 |
_aEstados Unidos _bPrentice Hall _c1992 |
||
| 300 |
_a556 p. _bIlustrado _c24 cm |
||
| 500 | _aIncluye tabla de contenido, bibliografía, índice | ||
| 650 | _aAlgoritmos informáticos | ||
| 650 | _aProtocolo-Informática | ||
| 650 | _aRedes de datos | ||
| 710 | _aS.A. | ||
| 902 |
_aMonográfico _cImpreso |
||
| 942 | _c01 | ||
| 010 | _a84510 | ||
| 999 |
_c231379 _d231379 |
||